6 keys- 15 seconds - Statistics

General Stats
  • This quiz has been taken 545 times
  • The average score is 37 of 180
Answer Stats
Hint Answer % Correct
Enter k
100%
Enter j
97%
Enter h
94%
Enter s
90%
Enter d
87%
Enter f
84%
Enter k
76%
Enter j
75%
Enter h
72%
Enter d
69%
Enter f
69%
Enter s
69%
Enter k
67%
Enter j
66%
Enter h
63%
Enter d
61%
Enter s
61%
Enter f
60%
Enter j
60%
Enter k
60%
Enter h
58%
Enter s
58%
Enter d
57%
Enter f
55%
Enter k
55%
Enter d
54%
Enter h
54%
Enter j
54%
Enter s
54%
Enter f
48%
Enter j
46%
Enter k
46%
Enter h
45%
Enter d
43%
Enter f
43%
Enter j
43%
Enter k
43%
Enter s
43%
Enter h
39%
Enter d
37%
Enter s
37%
Enter f
36%
Enter d
33%
Enter h
33%
Enter j
33%
Enter k
33%
Enter s
33%
Enter f
31%
Enter h
25%
Enter j
25%
Enter k
25%
Enter s
25%
Enter d
24%
Enter f
24%
Enter h
22%
Enter j
22%
Enter k
22%
Enter s
22%
Enter d
21%
Enter f
21%
Enter k
21%
Enter j
18%
Enter d
16%
Enter f
16%
Enter h
16%
Enter j
16%
Enter k
16%
Enter s
16%
Enter d
15%
Enter f
15%
Enter h
15%
Enter s
15%
Enter k
13%
Enter d
12%
Enter f
12%
Enter h
12%
Enter j
12%
Enter k
12%
Enter s
12%
Enter d
10%
Enter h
10%
Enter j
10%
Enter s
10%
Enter d
7%
Enter d
7%
Enter f
7%
Enter f
7%
Enter f
7%
Enter h
7%
Enter h
7%
Enter j
7%
Enter j
7%
Enter k
7%
Enter k
7%
Enter s
7%
Enter s
7%
Enter d
6%
Enter d
6%
Enter d
6%
Enter d
6%
Enter d
6%
Enter f
6%
Enter f
6%
Enter f
6%
Enter f
6%
Enter f
6%
Enter h
6%
Enter h
6%
Enter h
6%
Enter h
6%
Enter h
6%
Enter h
6%
Enter j
6%
Enter j
6%
Enter j
6%
Enter j
6%
Enter j
6%
Enter j
6%
Enter k
6%
Enter k
6%
Enter k
6%
Enter k
6%
Enter k
6%
Enter k
6%
Enter s
6%
Enter s
6%
Enter s
6%
Enter s
6%
Enter s
6%
Enter s
6%
Enter d
4%
Enter f
4%
Enter k
4%
Enter d
3%
Enter f
3%
Enter h
3%
Enter j
3%
Enter s
3%
Enter d
1%
Enter d
1%
Enter d
1%
Enter d
1%
Enter d
1%
Enter f
1%
Enter f
1%
Enter f
1%
Enter f
1%
Enter f
1%
Enter h
1%
Enter h
1%
Enter h
1%
Enter h
1%
Enter h
1%
Enter j
1%
Enter j
1%
Enter j
1%
Enter j
1%
Enter j
1%
Enter j
1%
Enter k
1%
Enter k
1%
Enter k
1%
Enter k
1%
Enter k
1%
Enter k
1%
Enter s
1%
Enter s
1%
Enter s
1%
Enter s
1%
Enter s
1%
Enter d
0%
Enter d
0%
Enter f
0%
Enter f
0%
Enter h
0%
Enter h
0%
Enter j
0%
Enter k
0%
Enter s
0%
Enter s
0%
No matching quizzes found
Score Distribution
Percent of People with Each Score
Percentile by Number Answered
Your Score History
You have not taken this quiz